[Event "Buenos Aires op 3rd"]
[Site "Buenos Aires"]
[Date "2025.07.13"]
[Round "4"]
[White "Mahia, Gustavo"]
[Black "Troche, Dylan"]
[Result "1-0"]
[WhiteElo "2321"]
[BlackElo "1863"]
[PlyCount "73"]
[EventDate "2025.07.11"]
[EventType "swiss"]
[EventRounds "9"]
[EventCountry "ARG"]
[SourceTitle "CB30_2025"]
[SourceDate "2025.07.23"]
[SourceVersion "1"]
[SourceVersionDate "2025.07.23"]
[SourceQuality "1"]

1. e4 d6 2. d4 Nf6 3. Nc3 e5 4. Nf3 Nbd7 5. Bc4 Be7 6. 0-0 0-0 7. a4 c6 8. Ba2 h6 9. a5 exd4 10. Nxd4 Qc7 11. Re1 Ne5 12. f4 Ng6 13. f5 Ne5 14. Bf4 Bd7 15. h3 b5 16. b4 a6 17. Nde2 Qa7+ 18. Kh1 Qf2 19. Rf1 Qa7 20. Qd2 Nh7 21. Rad1 Rad8 22. Be3 Qb8 23. Bb6 Rde8 24. Nf4 Kh8 25. Nh5 d5 26. f6 Nxf6 27. Nxf6 Bxf6 28. Rxf6 gxf6 29. Qxh6+ Kg8 30. exd5 Bf5 31. dxc6 Ng6 32. Nd5 Re6 33. Rf1 Qg3 34. Rxf5 Re1+ 35. Bg1 Rxg1+ 36. Kxg1 Nh4 37. Nxf6# 1-0

[Event "Buenos Aires op 3rd"]
[Site "Buenos Aires"]
[Date "2025.07.13"]
[Round "5"]
[White "Troche, Dylan"]
[Black "Naspleda, Federico"]
[Result "1/2-1/2"]
[WhiteElo "1863"]
[BlackElo "2052"]
[PlyCount "42"]
[EventDate "2025.07.11"]
[EventType "swiss"]
[EventRounds "9"]
[EventCountry "ARG"]
[SourceTitle "CB30_2025"]
[SourceDate "2025.07.23"]
[SourceVersion "1"]
[SourceVersionDate "2025.07.23"]
[SourceQuality "1"]

1. e4 c5 2. Nf3 Nc6 3. d4 cxd4 4. Nxd4 Nf6 5. Nc3 e5 6. Ndb5 d6 7. Bg5 a6 8. Bxf6 gxf6 9. Na3 b5 10. Nd5 Bg7 11. Qh5 Ne7 12. Bd3 Nxd5 13. exd5 Qa5+ 14. Kf1 Qb4 15. c3 Qxb2 16. Nc2 Qxc3 17. Rd1 Bd7 18. Ne3 b4 19. Bf5 Ba4 20. Rb1 Bb5+ 21. Kg1 Bf8 1/2-1/2

[Event "ARG-chT"]
[Site "Villa Martelli"]
[Date "2024.09.15"]
[Round "4.1"]
[White "Troche, Dylan"]
[Black "Parrilla, Juan Jose"]
[Result "1/2-1/2"]
[WhiteElo "1861"]
[BlackElo "1964"]
[PlyCount "74"]
[EventDate "2024.08.31"]
[EventType "team-swiss"]
[EventRounds "8"]
[EventCountry "ARG"]
[SourceTitle "EXT 2025"]
[Source "ChessBase"]
[SourceDate "2024.10.14"]
[SourceVersion "1"]
[SourceVersionDate "2024.10.14"]
[SourceQuality "1"]
[WhiteTeam "Municipalidad de Moreno"]
[BlackTeam "Mar del Plata"]
[WhiteTeamCountry "ARG"]
[BlackTeamCountry "ARG"]

1. e4 c5 2. Nf3 d6 3. d4 cxd4 4. Nxd4 Nf6 5. Nc3 h6 6. Be3 e5 7. Nf3 Be7 8. Bc4 Be6 9. Bb3 a6 10. 0-0 Nbd7 11. Qe2 Rc8 12. Rfd1 0-0 13. Nd2 Qc7 14. a4 Rfd8 15. h3 Qc6 16. Nf1 Bf8 17. Qf3 b6 18. Rac1 Qb7 19. Ng3 g6 20. Nd5 Bxd5 21. Bxd5 Nxd5 22. Rxd5 Qc6 23. b3 Bg7 24. Rd3 Nf6 25. c4 Rd7 26. Rcd1 Kh7 27. h4 Rcd8 28. Bc1 b5 29. cxb5 axb5 30. axb5 Qxb5 31. Ba3 Qc6 32. h5 Qa6 33. Bb2 Qb5 34. Ba1 Qb4 35. Bb2 Qb5 36. Ba1 Qb6 37. Bb2 Qb5 1/2-1/2

[Event "Buenos Aires Masters op"]
[Site "Buenos Aires"]
[Date "2024.06.22"]
[Round "8"]
[White "Amadeo, Pablo"]
[Black "Troche, Dylan"]
[Result "0-1"]
[WhiteElo "1907"]
[BlackElo "1847"]
[PlyCount "94"]
[EventDate "2024.06.17"]
[EventType "swiss"]
[EventRounds "9"]
[EventCountry "ARG"]
[SourceTitle "EXT 2025"]
[Source "ChessBase"]
[SourceDate "2024.10.14"]
[SourceVersion "1"]
[SourceVersionDate "2024.10.14"]
[SourceQuality "1"]

1. d4 d5 2. c4 e6 3. Nc3 h6 4. Nf3 Nf6 5. Bf4 Bd6 6. Bg3 0-0 7. e3 Bxg3 8. hxg3 Nbd7 9. Qb3 c6 10. Bd3 Qa5 11. 0-0 dxc4 12. Bxc4 e5 13. Rad1 exd4 14. exd4 Nb6 15. d5 cxd5 16. Nxd5 Nbxd5 17. Bxd5 Nxd5 18. Rxd5 Qc7 19. Nd4 b6 20. Re1 g6 21. Rde5 Qd6 22. Qc3 Bb7 23. Nb5 Qc6 24. Qxc6 Bxc6 25. Nd4 Rac8 26. Nxc6 Rxc6 27. Re7 a5 28. Rb7 Kg7 29. f3 h5 30. Ree7 g5 31. g4 hxg4 32. fxg4 Kf6 33. Kh2 Kg6 34. Red7 f5 35. gxf5+ Kxf5 36. Rd5+ Kg4 37. Rbd7 Rh8+ 38. Kg1 Rc1+ 39. Kf2 Rf8+ 40. Ke2 Rc2+ 41. Ke3 Rxg2 42. R7d6 Rf3+ 43. Kd4 Rd2+ 44. Kc4 Rf4+ 45. Kb5 Rb4+ 46. Ka6 Rxd5 47. Rxd5 Rxb2 0-1

[Event "Villa Ballester op 73rd"]
[Site "Buenos Aires"]
[Date "2024.01.21"]
[Round "4"]
[White "Gonetti, Eduardo Osvaldo"]
[Black "Troche, Dylan"]
[Result "0-1"]
[WhiteElo "1447"]
[BlackElo "1766"]
[PlyCount "86"]
[EventDate "2024.01.19"]
[EventType "swiss"]
[EventRounds "9"]
[EventCountry "ARG"]
[SourceTitle "CBM 218 Extra"]
[Source "ChessBase"]
[SourceDate "2024.03.31"]
[SourceVersion "1"]
[SourceVersionDate "2024.03.31"]
[SourceQuality "1"]

1. e4 c6 2. d4 d5 3. Nc3 dxe4 4. Nxe4 Nd7 5. Qe2 Ngf6 6. Nxf6+ Nxf6 7. c3 Bf5 8. Qe3 e6 9. Bd3 Bxd3 10. Qxd3 Be7 11. Nf3 0-0 12. 0-0 Qc7 13. Re1 Rfd8 14. Qc2 h6 15. Ne5 c5 16. dxc5 Qxc5 17. Kh1 Bd6 18. Nf3 Ng4 19. Rf1 Qh5 20. h3 Bc5 21. Kg1 Nf6 22. Bf4 Rd5 23. Rae1 Rad8 24. Be3 Bxe3 25. Rxe3 Ra5 26. a3 Rad5 27. Ree1 Nd7 28. Rd1 Nc5 29. Rfe1 b6 30. Rxd5 Qxd5 31. Re2 Rc8 32. Rd2 Qa2 33. Ne5 b5 34. Nf3 Qc4 35. Qd1 Kh7 36. Rd8 Rc7 37. Qc2+ g6 38. Ne5 Qf4 39. Nd3 Qf6 40. Rd4 Nd7 41. Rf4 Qe7 42. Re4 Qd6 43. Rd4 Qxd4 0-1

[Event "Villa Ballester op 73rd"]
[Site "Buenos Aires"]
[Date "2024.01.20"]
[Round "2"]
[White "Depiante, Ivan Fernando"]
[Black "Troche, Dylan"]
[Result "0-1"]
[WhiteElo "1346"]
[BlackElo "1766"]
[PlyCount "70"]
[EventDate "2024.01.19"]
[EventType "swiss"]
[EventRounds "9"]
[EventCountry "ARG"]
[SourceTitle "CBM 218 Extra"]
[Source "ChessBase"]
[SourceDate "2024.03.31"]
[SourceVersion "1"]
[SourceVersionDate "2024.03.31"]
[SourceQuality "1"]

1. e4 c6 2. d4 d5 3. Nc3 dxe4 4. Nxe4 Nd7 5. Nf3 Ngf6 6. Nxf6+ Nxf6 7. Ne5 Be6 8. Be2 g6 9. 0-0 Bg7 10. c3 0-0 11. Bf4 a5 12. Qc1 Re8 13. Bf3 a4 14. Nxc6 bxc6 15. Bxc6 Qb6 16. Bxe8 Rxe8 17. Be5 Bd5 18. f3 Rc8 19. Qc2 Qa5 20. Rac1 h5 21. a3 h4 22. h3 Bh6 23. Bxf6 Be3+ 24. Kh1 exf6 25. Rb1 Bxd4 26. Qd2 Be5 27. Qh6 Bg3 28. Qe3 Qb5 29. Qd4 Kg7 30. Rfd1 Bb3 31. Rd2 Re8 32. Qd3 Qg5 33. c4 Bf4 34. Re2 Qg3 35. Kg1 Qh2+ 0-1